Diseño simplificado de edificios para cargas de viento y sismo

Saved in:
Bibliografiske detaljer
Main Authors: Ambrose, James E (Author), Vergun, Dimitry (Author)
Format: Bog
Sprog:spansk
Udgivet: Ciudad de México Limusa 1986
Fag:
Tags: Tilføj Tag
Ingen Tags, Vær først til at tagge denne postø!

MARC

LEADER 00000nam a2200000 a 4500
001 UCV5874
003 CL-VaPUC
008 911128e19860000MX |||||||||||||||||spa|d
082 0 4 |a 624.177  |b AMB  |2 21 
100 |a Ambrose, James E  |e author  |9 300105 
700 0 |a Vergun, Dimitry  |e author  |9 300106 
245 1 0 |a Diseño simplificado de edificios para cargas de viento y sismo 
300 |a 293 p 
942 |c BK 
945 |d 19911128 00:00:00 
260 |a Ciudad de México  |b Limusa  |c 1986 
650 0 |a Diseño de estructuras  |9 260345 
650 7 |a ESFUERZOS Y DEFORMACIONES  |2 CL-VaPUC  |9 262658 
650 7 |a CONSTRUCCIONES ANTISISMICAS  |2 CL-VaPUC  |9 300107 
583 |a last modification  |c 19911128 00:00:00  |k Rodrigo Vera 
999 |c 212192  |d 212190 
952 |0 0  |1 0  |4 0  |6 624_177000000000000_AMB_1986  |7 0  |8 A  |9 192789  |a BIBING  |b BIBING  |d 2019-11-14  |i 2603659  |o 624.177 AMB 1986  |p 2603659  |r 2025-01-20  |w 2019-11-14  |y BK  |k CCL 
952 |0 0  |1 0  |4 0  |6 624_177000000000000_AMB_1986  |7 0  |8 A  |9 192790  |a BIBARQ  |b BIBARQ  |d 2019-11-14  |i 2603667  |o 624.177 AMB 1986  |p 2603667  |r 2025-01-20  |w 2019-11-14  |y BK  |k ARQ